<?xml version="1.0" encoding="UTF-8"?>
<record
    xmlns:xsi="http://www.w3.org/2001/XMLSchema-instance"
    xsi:schemaLocation="http://www.loc.gov/MARC21/slim http://www.loc.gov/standards/marcxml/schema/MARC21slim.xsd"
    xmlns="http://www.loc.gov/MARC21/slim">

  <leader>01706nam a22002297a 4500</leader>
  <controlfield tag="005">20250617093327.0</controlfield>
  <controlfield tag="008">250616b        |||||||| |||| 00| 0 eng d</controlfield>
  <datafield tag="020" ind1=" " ind2=" ">
    <subfield code="a">9789351106937</subfield>
  </datafield>
  <datafield tag="040" ind1=" " ind2=" ">
    <subfield code="c">AL</subfield>
  </datafield>
  <datafield tag="041" ind1=" " ind2=" ">
    <subfield code="a">English</subfield>
  </datafield>
  <datafield tag="082" ind1=" " ind2=" ">
    <subfield code="2">23</subfield>
    <subfield code="a">005.76812</subfield>
    <subfield code="b">JONC</subfield>
  </datafield>
  <datafield tag="100" ind1=" " ind2=" ">
    <subfield code="a">Ben Jones</subfield>
    <subfield code="9">215143</subfield>
  </datafield>
  <datafield tag="245" ind1=" " ind2=" ">
    <subfield code="a">Communicating data with Tableau</subfield>
  </datafield>
  <datafield tag="260" ind1=" " ind2=" ">
    <subfield code="a">Mumbai</subfield>
    <subfield code="b">Shroff publishers and distributors Pvt Ltd</subfield>
    <subfield code="c">2014</subfield>
  </datafield>
  <datafield tag="300" ind1=" " ind2=" ">
    <subfield code="a">xvi,315 p.</subfield>
    <subfield code="b">PB</subfield>
    <subfield code="c">23x15 cm.</subfield>
  </datafield>
  <datafield tag="365" ind1=" " ind2=" ">
    <subfield code="a">1281</subfield>
    <subfield code="b">&#x20B9;1147</subfield>
    <subfield code="c">&#x20B9;</subfield>
    <subfield code="d">&#x20B9;1350.00</subfield>
    <subfield code="e">15%</subfield>
    <subfield code="f">12-06-2025</subfield>
  </datafield>
  <datafield tag="520" ind1=" " ind2=" ">
    <subfield code="a">Go beyond spreadsheets and tables and design a data presentation that really makes an impact. This practical guide shows you how to use Tableau Software to convert raw data into compelling data visualizations that provide insight or allow viewers to explore the data for themselves.
Ideal for analysts, engineers, marketers, journalists, and researchers, this book describes the principles of communicating data and takes you on an in-depth tour of common visualization methods. You&#x2019;ll learn how to craft articulate and creative data visualizations with Tableau Desktop 8.1 and Tableau Public 8.1.
Present comparisons of how much and how many
Use blended data sources to create ratios and rates
Create charts to depict proportions and percentages
Visualize measures of mean, median, and mode
Lean how to deal with variation and uncertainty
Communicate multiple quantities in the same view
Show how quantities and events change over time
Use maps to communicate positional data
Build dashboards to combine several visualizations</subfield>
  </datafield>
  <datafield tag="650" ind1=" " ind2=" ">
    <subfield code="a">Tableau</subfield>
    <subfield code="9">215131</subfield>
  </datafield>
  <datafield tag="650" ind1=" " ind2=" ">
    <subfield code="a">Communicating data</subfield>
    <subfield code="9">215132</subfield>
  </datafield>
  <datafield tag="650" ind1=" " ind2=" ">
    <subfield code="a">maps and location</subfield>
    <subfield code="9">215133</subfield>
  </datafield>
  <datafield tag="942" ind1=" " ind2=" ">
    <subfield code="2">ddc</subfield>
    <subfield code="c">BK</subfield>
  </datafield>
  <datafield tag="999" ind1=" " ind2=" ">
    <subfield code="c">234461</subfield>
    <subfield code="d">234461</subfield>
  </datafield>
  <datafield tag="952" ind1=" " ind2=" ">
    <subfield code="0">0</subfield>
    <subfield code="1">0</subfield>
    <subfield code="2">ddc</subfield>
    <subfield code="4">0</subfield>
    <subfield code="7">0</subfield>
    <subfield code="8">CAA</subfield>
    <subfield code="a">AL</subfield>
    <subfield code="b">AL</subfield>
    <subfield code="d">2025-06-16</subfield>
    <subfield code="e">Biblios Book Point, Surathkal-575014</subfield>
    <subfield code="g">1147.00</subfield>
    <subfield code="l">1</subfield>
    <subfield code="o">005.76812 JONC</subfield>
    <subfield code="p">077674</subfield>
    <subfield code="r">2025-10-14 11:37:41</subfield>
    <subfield code="s">2025-06-17</subfield>
    <subfield code="v">1350.00</subfield>
    <subfield code="w">2025-06-12</subfield>
    <subfield code="y">BK</subfield>
  </datafield>
  <datafield tag="952" ind1=" " ind2=" ">
    <subfield code="0">0</subfield>
    <subfield code="1">0</subfield>
    <subfield code="2">ddc</subfield>
    <subfield code="4">0</subfield>
    <subfield code="7">0</subfield>
    <subfield code="8">CAA</subfield>
    <subfield code="a">AL</subfield>
    <subfield code="b">AL</subfield>
    <subfield code="d">2025-06-16</subfield>
    <subfield code="e">Biblios Book Point, Surathkal-575014</subfield>
    <subfield code="g">1148.00</subfield>
    <subfield code="l">1</subfield>
    <subfield code="o">005.76812 JONC</subfield>
    <subfield code="p">077675</subfield>
    <subfield code="r">2025-10-31 11:03:41</subfield>
    <subfield code="s">2025-06-17</subfield>
    <subfield code="v">1350.00</subfield>
    <subfield code="w">2025-06-12</subfield>
    <subfield code="y">BK</subfield>
  </datafield>
</record>
